[Event "Bundesliga 0001"]
[Site "Germany"]
[Date "2001.03.10"]
[Round "10.4"]
[White "Speelman, Jonathan S"]
[Black "Kveinys, Aloyzas"]
[Result "1-0"]
[WhiteElo "2623"]
[BlackElo "2522"]
[Annotator "Ribli,Z"]
[PlyCount "69"]
[EventDate "2000.10.14"]
[EventType "team-tourn"]
[EventRounds "15"]
[EventCountry "GER"]
[SourceTitle "CBM 082"]
[Source "ChessBase"]
[SourceDate "2001.05.17"]
[SourceVersion "1"]
[SourceVersionDate "2001.05.17"]
[SourceQuality "1"]
[WhiteTeam "Luebeck"]
[BlackTeam "Godesberg"]
[WhiteTeamCountry "GER"]
[BlackTeamCountry "GER"]

1. Nf3 d6 {Diese Variante - mit frühem Bg4 - ist in letzter Zeit populär.} 2.
d4 Nf6 (2... Bg4) 3. Nc3 Bg4 4. e4 {Es scheint, als hätten wir eine Stellung
der sogenannter Pirc-Eröffnung vor uns, dort aber setzt man nach 1.e4 d6 2.d4
Nf6 3.Nc3 Bg4? nicht mit 4.Nf3, sondern mit 4.f3 fort.} e6 (4... g6) 5. Be2 Be7
6. O-O d5 $6 {Das ist ein für solche Stellungen gewöhnlicher Zug, aber Schwarz
muss sich damit nicht übereilen. Kurze Rochade scheint mir die bessere Wahl zu
sein. Bemerkenswerter Weise spielt auch der Englische GM diese Variante mit
Schwarz!} (6... O-O $5 7. Be3 d5 8. exd5 (8. h3) 8... exd5 (8... Nxd5 $5) 9.
Ne5 Bxe2 10. Nxe2 Nbd7 11. Ng3 Bd6 12. Bf4 Re8 13. Nd3 Bxf4 14. Nxf4 Nf8 15.
Re1 Rxe1+ 16. Qxe1 Qd6 17. Nd3 Re8 18. Qa5 Qb6 {1/2-1/2 Andersson,U-Speelman,J/
Lyon 1991/CBM 26 (18)}) 7. h3 (7. exd5 exd5 8. Ne5 Bxe2 9. Qxe2 c6 10. Re1 O-O
11. Bg5 Re8 12. Rad1 Nbd7 13. Rd3 Nxe5 14. dxe5 Nd7 15. Bxe7 Qxe7 16. f4 f6 {
0-1 Machelett,H-Van der Wiel,J/Germany 1999/GER-chT (22)}) 7... Bh5 (7... Bxf3
8. Bxf3 $14 {Dank des Läuferpaares und leichten bergewichts im Zentrum steht
Weiß etwas besser.}) (7... dxe4 8. hxg4 exf3 9. Bxf3 c6 10. g5 Nd5 11. Ne4 $14)
8. exd5 (8. e5 Ne4 $5 $11 (8... Nfd7)) 8... exd5 (8... Nxd5 9. Nxd5 exd5 10.
Ne5 Bxe2 11. Qxe2 {Bei symmetrischer Bauernstellung hat Weiß etwas Initiative.
Ähnliche Stellungen kennt man aus der Französischen Verteidigung 
(Abtauschvariante).}) 9. g4 Bg6 10. Ne5 {[%csl Ge5]} Ne4 (10... Nbd7 11. f4 $1
Nxe5 (11... Be4 12. g5 Ng8 13. Nxe4 dxe4 14. Bc4 Nxe5 15. fxe5 $18) 12. dxe5
$16) 11. Nxe4 (11. f4 $2 Nxc3 12. bxc3 Be4 $15 {[%csl Ge4]}) 11... Bxe4 (11...
dxe4 12. f3 (12. f4 f6 $13) 12... Nd7 (12... exf3 13. Bxf3 $14) 13. Nxg6 hxg6
14. Kg2 $14) 12. f3 Bg6 13. Kg2 {Mit diesem prophylaktischen Zug bereitet Weiß
14.Nxg6 vor und verteidigt den Ph3 für den Fall von hxg6 .} Nd7 (13... c6 14.
c4) (13... O-O 14. c4) 14. Nxg6 hxg6 15. c4 $36 {Weiß möchte die Stellung für
sein Läuferpaar öffnen.} dxc4 (15... Nb6 16. c5 $14 Nd7 17. Qb3 $16 {[%cal
Rb3b7,Rb3d5]}) 16. Bxc4 Bd6 (16... Nb6 17. Bb3 {[%csl Gb3][%cal Gb3f7]}) 17. f4
{Weiß verteidigt sich gegen die Drohung 17...Qh4.} (17. Qb3 Kf8 (17... O-O 18.
Qxb7 Qh4 (18... Rb8 19. Qxa7 $16) 19. f4 $16) 18. Bxf7 Qf6 19. Be6 Nb6 20. f4
Qxd4 21. f5 Qe4+ 22. Qf3 $14) 17... Qf6 18. Re1+ (18. f5 g5 $13) 18... Kf8 19.
Qd3 $13 {Weiß hat das Läuferpaar, seine Figuren stehen aktiv. Andererseits ist
sein Königsflügel geschwächt, und es gibt keine entsprechenden Schwächen in
der gegnerischen Stellung. Schwarz wiederum steht vo dem Problem, seine Türme
miteinander zu verbinden.} Bb4 20. Re2 Nb6 21. Bb3 Rd8 (21... c6 $13) 22. Qf3
Qc6 $6 {[%mdl 16384] Schwarz kann so zwar die gegnerische Dame abtauschen,
muss dafür aber einen teuren Preis zahlen: seine Bauernstellung am Damenflügel
wird korrumpiert.} (22... Qxd4 $2 23. Be3 Qf6 24. Qxb7 $16) (22... Rxd4 $2 23.
Be3 Rd8 24. Qxb7 $16) (22... c6 $1 $13) 23. Qxc6 bxc6 24. Bd2 $1 $14 Bd6 (24...
Rxd4 25. Bxb4+ Rxb4 26. Rae1 {[%csl Rf8][%cal Re1e8]} Kg8 27. Re8+ Kh7 28.
Rxh8+ Kxh8 29. Bxf7 Rxf4 (29... Rxb2+ 30. Kg3 Rd2 31. Re8+ Kh7 32. Re6 $18) 30.
Bxg6 Rf8 31. Kg3 $16) (24... Bxd2 25. Rxd2 c5 26. Rc1 $16) 25. Rc1 {[%csl Rc6]}
Nd5 26. Rf2 {Weiß deckt seinen Pf4, der schwarze Pc6 hingegen ist nicht zu
verteidigen.} (26. Rxc6 Nxf4+ (26... Bxf4 27. Bxd5 Bxd2 28. Rxc7 $18) 27. Bxf4
Bxf4 28. Ra6 Rxd4 29. Rxa7 $16 {[%csl Ga2] Der schwarze König steht passiv auf
f8, und der weiße Freibauer auf der a-Linie ist stark.}) 26... Re8 27. Rxc6
Ne3+ 28. Kg3 (28. Bxe3 $6 Rxe3 $132) 28... g5 29. Rxd6 $1 {[%mdl 64] Dieses
Qualitätsopfer verschafft Weiß klaren Vorteil.} cxd6 (29... gxf4+ 30. Rxf4 cxd6
31. Rxf7+ $18) 30. fxg5 {[%csl Rf7][%cal Rf2f7]} d5 (30... Re7 31. Rf3 $18 {
[%csl Re3]}) 31. g6 f6 32. Rf3 Nc4 33. Bb4+ Kg8 34. Bxc4 dxc4 35. h4 $18 {
[%csl Rg8,Rh8] Der schwarze Rh8 ist ebenso wie der Kg8 eingeschlossen - Weiß
steht klar auf Gewinn.} 1-0

[Event "Hoogovens"]
[Site "Wijk aan Zee"]
[Date "1991.01.??"]
[Round "6"]
[White "Olafsson, Helgi"]
[Black "Adams, Michael"]
[Result "1/2-1/2"]
[WhiteElo "2590"]
[BlackElo "2600"]
[Annotator "Ribli,Z"]
[PlyCount "87"]
[EventDate "1991.01.??"]
[EventType "tourn"]
[EventRounds "13"]
[EventCountry "NED"]
[EventCategory "14"]
[SourceTitle "CBM 022"]
[Source "ChessBase"]
[SourceDate "1991.06.01"]
[SourceVersion "1"]
[SourceVersionDate "1991.06.01"]
[SourceQuality "1"]

1. d4 d6 2. Nf3 Bg4 3. c4 Nd7 4. Qb3 Rb8 5. g3 e5 6. Bg2 Ngf6 7. Be3 c6 8. Nc3
Qa5 9. O-O Be7 10. Qc2 (10. Rfd1 O-O 11. h3 Be6 12. d5 cxd5 13. cxd5 Bf5 14.
Nh4 Bg6 15. Nxg6 hxg6 16. a3 $13 {Salov,V-Adams,M Manila izt 1990 CBM/19 49/
(67)}) 10... O-O 11. Rfd1 Rfe8 12. b3 a6 13. a4 Bf8 14. h3 Bh5 15. Nh4 Qc7 16.
a5 Rbc8 17. b4 d5 18. dxe5 Qxe5 19. Bd4 Qe6 20. g4 Bg6 21. Nxg6 hxg6 22. cxd5
Nxd5 23. Nxd5 cxd5 24. Qb3 (24. Qa2 $5) 24... Nf6 25. Bxf6 Qxf6 26. e3 Rc4 $1
27. Ra4 Rec8 28. Qd3 Rc2 29. Rf1 Rc1 30. b5 (30. Bxd5 R8c2 $1) 30... Bd6 31.
Ra2 Rxf1+ 32. Qxf1 axb5 33. Bxd5 Qe5 34. Qd1 Rc7 35. a6 bxa6 36. Rxa6 Kh7 37.
Kf1 b4 38. g5 b3 39. Qxb3 Rc1+ 40. Ke2 Rc3 41. Qd1 Qf5 42. Ra2 Qxg5 43. Qd4 Rc7
44. Rd2 {(2.20/2.15(} 1/2-1/2

[Event "Dubai op"]
[Site "Dubai"]
[Date "2001.04.20"]
[Round "6"]
[White "Sorokin, Maxim"]
[Black "Shariyazdanov, Andrey"]
[Result "1/2-1/2"]
[WhiteElo "2538"]
[BlackElo "2594"]
[Annotator "Ribli,Z"]
[PlyCount "76"]
[EventDate "2001.04.15"]
[EventType "swiss"]
[EventRounds "9"]
[EventCountry "UAE"]
[SourceTitle "CBM 083"]
[Source "ChessBase"]
[SourceDate "2001.07.05"]
[SourceVersion "1"]
[SourceVersionDate "2001.07.05"]
[SourceQuality "1"]

1. c4 e5 2. Nc3 Nc6 3. Nf3 d6 {Diese Zugfolge wird selten gewählt. Üblicher
ist 3... Nf6, auch 3...f5 ist eine Möglichkeit.} 4. d4 g6 (4... exd4 5. Nxd4
Nxd4 6. Qxd4 Ne7 7. b3 Nc6 8. Qd2 Be7 9. Nd5 $14) 5. g3 (5. d5) 5... Bg7 6.
dxe5 (6. d5 {Hier wäre dieser Zug weniger logisch als bei Springerstellung auf
f6. Der Unterschied besteht darin, dass Schwarz sofort f7-f5 und erst danach
Nf6 spielen könnte.} Nce7 7. h4 h6 8. e4 f5 9. h5 g5 10. exf5 Bxf5 11. Bd3 Nf6
$11) 6... Nxe5 7. Nxe5 Bxe5 (7... dxe5 $2 {Unter strategischem Gesichtspunkt
ist dieser Zug logischer, denn der Pe5 steht im Zentrum. Angesichts des weißen
Entwicklungsvorsprungs kann sich Schwarz diese Spielweise jedoch nicht
erlauben.} 8. Qxd8+ Kxd8 9. Bg5+ f6 10. Rd1+ Ke8 11. Nb5 Kf7 12. Nxc7 Rb8 13.
Be3 b6 14. Bg2 $18 {1/2-1/2 Vaulin,A-Belotserkovsky,A/Krasnodar 1997/EXT 2000 
(40)}) 8. Bg2 (8. Qc2 Ne7 9. Bg5 h6 10. Bd2 Bg7 11. Bg2 O-O 12. Rd1 Bf5 13. Qc1
{1-0 Velikov,P-Mollov,E/Bankia 1991/EXT 98 (56)}) (8. Qd2) 8... Ne7 9. O-O (9.
Qd2 c6 10. b3 Qa5 11. Bb2 Be6 12. Rd1 O-O-O 13. O-O Kb8 14. Qc1 {1/2-1/2
Olafsson,H-Seirawan,Y/Reykjavik 1990/CBM 18 ext (14)}) 9... O-O {Weiß hat
etwas Übergewicht im Zentrum, zudem ist das Feld d5 eine positionelle Schwäche
in der schwarzen Stellung.} (9... Bg7 10. c5 (10. Bf4 O-O 11. Qd2 Nf5 (11...
Nc6 12. Rac1 Re8 13. Rfe1 a6 14. Nd5 Ne5 15. b3 {1-0 Kortschnoj,V-Gufeld,E/
Tbilisi 1956/EXT 99 (38)}) 12. Rad1 Nd4 13. Bh6 Bxh6 14. Qxh6 Ne6 15. f4 f5 16.
e4 {1-0 Eingorn,V-Sokolov,A/Berlin 1993/EXT 97 (48)}) 10... Nf5 11. Qa4+ Kf8
12. Rd1 Bd7 13. Qb4 {1-0 Milos,G-Cifuentes Parada,R/Buenos Aires 1991/EXT 2000
(21)}) (9... c6 10. Qd3 Be6 11. Ne4 d5 12. cxd5 Bxd5 13. Bf4 Bxe4 14. Qxe4 Bxf4
15. Qxf4 $14 O-O 16. Rfd1 Qb6 17. Qf6 {1/2-1/2 Milos,G-Seirawan,Y/Buenos Aires
1993/CBM 35 (61)}) 10. Bg5 (10. Bh6 Bg7 11. Bxg7 Kxg7 12. Qd2 $14) 10... f6 (
10... c6 11. e4 Bg7 12. Bf4 Be5 13. Bh6 Bg7 14. Bxg7 Kxg7 15. Qd4+ Kg8 16. Rad1
{1/2-1/2 Pihlajasalo,A-Hagesaether,N/Espoo 1993/EXT 99 (25)}) 11. Be3 $14 {
Weiß hat das bessere Figurenspiel und die etwas angenehmere Stellung.} Be6 (
11... Bxc3 12. bxc3 Nf5 13. Bf4 $14 {Weiß hat zwar in der Tat strukturelle
Probleme (Pc3-Pc4), aber sein Läuferpaar ist aktiv.}) (11... Nf5 12. Bd2 $14)
12. Qd3 Qd7 (12... Nc6 13. Rfd1 $14) 13. Rfd1 {[%cal Gd1d7]} Rae8 14. c5 Nc6 (
14... d5 $2 15. Nxd5 (15. Bd4 c6) (15. Bh6 Rf7 16. e4 c6 $13) 15... Nxd5 16.
Bxd5 Bxd5 17. Qxd5+ Qxd5 18. Rxd5 Bxb2 19. Rb1 $16) 15. cxd6 cxd6 {Weiß hat
positionellen Vorteil - seine Bauernstruktur ist gesünder, und das Feld d5 ist
ein positionelles Loch.} (15... Bxd6 16. Ne4 $14 (16. Bf4 $14)) (15... Qxd6 $2
16. Qb5 $16) 16. Ne4 (16. Rac1 $14) 16... Qg7 (16... Bxb2 $2 17. Rab1 Be5 18.
Nc5 dxc5 19. Qxd7 Bxd7 20. Rxd7 $16) (16... Bf5 17. Qd5+ Be6 18. Qd2 $14) (
16... Rd8 17. f4 (17. Qa3 $14) 17... Bxb2 18. Rab1 $16) 17. Qd2 $16 {[%cal
Re3h6,Rh6f8] Droht 18.Bh6. Zudem steht die Dame in vielen Varianten besser auf
d2.} (17. Nxd6 $5 Rd8 18. Qa3 f5 (18... Qe7 19. Bc5 b6 20. Bxc6 bxc5 21. Nb7
$16) 19. Bg5 Bxb2 20. Qe3 $16) 17... g5 {Schwarz findet nichts besseres als
diesen Bauernzug.} 18. f4 gxf4 19. Bxf4 $6 {Dieser Zug ist auch nicht schlecht,
aber die Alternative scheint mir stärker.} (19. gxf4 $5 Bh3 (19... Bxb2 $2 20.
Qxb2 Bh3 {[%cal Ge8e3]} 21. Qb3+ $18) (19... f5 20. fxe5 fxe4 21. Bh6 $18) 20.
Ng3 Bxb2 (20... Bxg2 21. fxe5 $18 {[%cal Re3h6,Rh6f8]}) 21. Bxh3 Bxa1 22. Rxa1
$16) 19... Qe7 20. Kh1 $14 (20. Nxd6 $6 Rd8 21. Bxe5 $6 (21. Bxc6 bxc6 (21...
Rxd6 22. Qxd6 Bxd6 23. Bxd6 Qd8 $13) 22. Bxe5 fxe5 $13 {[%csl Rd6]}) 21... Nxe5
$17 {[%csl Rd6]}) (20. Bh6 Rf7 21. Nc3 $14) 20... Rd8 (20... d5 21. Nf2 $14 (
21. Nc3 d4 $13)) 21. Nc3 {[%csl Yd5][%cal Gc3d5]} Kh8 (21... Bxc3 22. Qxc3 d5
23. e3 $14 {[%csl Gf4]}) 22. Rac1 (22. Nd5 $14) 22... Qf7 23. Nd5 Bd4 {[%mdl
2048]} (23... Rc8) 24. Nb4 (24. e4 Be5 $14) 24... Nxb4 (24... Be5 25. Nxc6 bxc6
26. Bxe5 fxe5 (26... dxe5 27. Qxd8 Rxd8 28. Rxd8+ Kg7 29. Bxc6 $16) 27. Rxc6
$16) 25. Qxd4 {Weiß verfügt über das Läuferpaar und die bessere Bauernstruktur.
} Nc6 $1 {[%mdl 256]} (25... Nxa2 26. Ra1 a6 27. Qb6 $14) 26. Bxc6 (26. Qd2 d5
27. e3 $14) 26... bxc6 27. Kg1 {Weiß verbessert seine Königsstellung und geht
Motiven auf den weißen Feldern aus dem Wege.} (27. Rxc6 $2 Qb7 $17 {[%cal
Rb7h1]}) 27... c5 28. Qc3 (28. Qa4 Qe7 (28... Bxa2 29. Rxd6 Bb3 30. Qb5 $16 c4
$2 31. Rxf6 $1 Qxf6 32. Be5 $18)) 28... Qe7 {Weiß hat etwas Aktivität, aber es
gibt auch Schwachstellen an seinem Königsflügel.} 29. b4 (29. Rd2 $14) 29...
Bh3 30. Qe3 $11 (30. bxc5 Qe4 (30... dxc5 $11) 31. Qf3 Qxf3 32. exf3 dxc5 33.
Rxd8 Rxd8 34. Rxc5 $16) 30... Qxe3+ 31. Bxe3 cxb4 32. Bxa7 {Die Stellung ist
nicht nur materiell ausgeglichen. Beide Seiten haben auch Schwächen in ihrer
Stellung zu beklagen.} Be6 33. Rd4 Bxa2 34. Rxb4 Rd7 35. Bd4 Kg7 36. Rf1 Be6
37. Rf3 Kg6 38. Rb6 Bg4 1/2-1/2

[Event "RUS-Cup03 Geller Memorial"]
[Site "Moscow"]
[Date "1999.02.11"]
[Round "2"]
[White "Fokin, Sergey"]
[Black "Namgilov, Sogto"]
[Result "1-0"]
[WhiteElo "2390"]
[BlackElo "2472"]
[Annotator "Ribli,Z"]
[PlyCount "72"]
[EventDate "1999.02.10"]
[EventType "swiss"]
[EventRounds "9"]
[EventCountry "RUS"]
[SourceTitle "CBM 070"]
[Source "ChessBase"]
[SourceDate "1999.06.08"]
[SourceVersion "1"]
[SourceVersionDate "1999.06.08"]
[SourceQuality "1"]

{[%mdl 32]} 1. Nf3 d6 2. d4 Bg4 {Diese Variante ist in der letzten Zeit sehr
beliebt, denn Schwarz kann die theoretischen Hauptvarianten vermeiden, aber
meines Erachtens bietet sie dem Schwarzen keinen Ausgleich. Ribli.} 3. c4 Nd7
4. e4 g6 (4... e5 5. Be2 Be7 6. Ng1 (6. Be3 $14) 6... Bxe2 7. Nxe2 Bg5 (7...
Ngf6 8. Nbc3 O-O 9. O-O c6 10. Ng3 g6 11. Be3 a6 (11... Ne8 12. Qd2 Ng7 13.
Rad1 a6 14. a4 a5 15. dxe5 Nxe5 16. Qe2 h5 17. c5 Qc7 18. f4 Ng4 19. cxd6 Bxd6
20. Bc1 Ne6 21. e5 Bc5+ 22. Kh1 Rfd8 23. Nce4 {1-0 Gleizerov,E-Jaworski,M/
Wisla 1992/TD (33)}) 12. a4 a5 13. h3 Re8 14. Qd2 Nf8 15. f4 Ne6 16. fxe5 dxe5
17. d5 Nd4 18. Bxd4 exd4 19. Qxd4 Nd7 20. Kh1 {1/2-1/2 Jaworski,M-Ageev,A/
Katowice 1993/EXT 98 (20)}) 8. Nbc3 Bxc1 9. Rxc1 Ne7 10. O-O O-O 11. Qd2 Nb6
12. b3 c5 13. d5 a6 14. g3 Nd7 15. f4 {1-0 Ulibin,M-Bezold,M/Rilton Cup,
Stockholm SWE 1999 (30)}) (4... c5 5. Be2 cxd4 6. Nxd4 Bxe2 7. Qxe2 Ngf6 8. O-O
e6 9. Nc3 a6 10. f4 Rc8 11. f5 e5 12. Nc2 Qb6+ 13. Kh1 Qc5 14. b3 b5 15. Be3
Qc7 16. Bg5 bxc4 17. Ne3 cxb3 18. Ned5 $44 {1-0 Dizdar,G-Agrest,E/Zillertal
1993/EXT 98 (29)}) 5. Be2 e5 6. Ng1 $5 {Weiß verliert ein Tempo, aber tauscht
den schwarzen Läufer und bekommt etwas Übergewicht im Zentrum.} (6. Bg5 f6 7.
Be3 $14) 6... Bxe2 7. Nxe2 Bg7 8. Nbc3 Ne7 (8... exd4 9. Nxd4 Ne7 10. Be3 $14)
9. d5 $14 {Weisß hat Raumvorteil und der schwarze g7-Läufer ist eingeschlossen.
Ähnliche Stellungen sind typisch für die Königsindische Verteidigung.} f5 10.
f3 O-O 11. Be3 Nf6 (11... f4 12. Bf2 $14 {Der schwarze Bauernsturm ist viel
effektiver, wenn er in Besitz des weißfeldrigen Läufers ist.}) 12. h3 {Weiß
verhindert eventuelles ...Ng4.} (12. O-O c6 (12... fxe4 13. Nxe4 (13. fxe4 Ng4
$11) 13... Nxe4 14. fxe4 Rxf1+ 15. Qxf1 Qd7 $14 {Weiß hat etwas Vorteil, weil
er mehr Raum kontrolliert und der schwarze Läufer eingeschlossen ist.}) 13. Qd2
$14) 12... fxe4 13. fxe4 Kh8 {[%cal Ge7g8] Das ist ein typisches Manöver aus
der Königsindischen Verteidigung. Schwarz plant ...Ne7-g8 gefolgt von ...
Bg7-h6 und Tausch der schwarzfeldrigen Läufer.} (13... Nh5 $5 {[%cal Gh5f4]})
14. O-O Neg8 15. Qd2 {[%cal Gd2h6] Weiß verhindert natürlich den Läuferausch.}
Qd7 16. Rf3 a6 17. a4 (17. c5 $14) (17. Raf1 $14 b5 $6 18. cxb5 axb5 19. a3 {
[%csl Rb5][%cal Ge2c1,Gc1d3,Gd3b4]}) 17... Rf7 18. Raf1 Raf8 19. g4 h6 (19...
Nxe4 $6 20. Rxf7 (20. Nxe4 Rxf3 $19) 20... Nxd2 21. Rxd7 Nxf1 (21... Rxf1+ 22.
Kg2 Nxc4 23. Kxf1 Nxe3+ 24. Kf2 $16) 22. Bc1 $16 {[%csl Gd7,Rf1] Weiß hat
einen Bauern weniger, aber sein Turm steht aktiv auf d7 und dem Schwarzen
macht sein Springer auf f1 Kopfzerbrechen.}) 20. Kg2 c5 21. Ng3 (21. dxc6 bxc6
$11) 21... Nh7 22. Rxf7 Rxf7 23. Rxf7 Qxf7 24. Nd1 (24. Qf2 Qxf2+ 25. Kxf2 Bf6
$11) 24... Qd7 {[%cal Rd7a4]} 25. b3 (25. a5 $6 Qa4 $15 {[%csl Ga4,Rc4]}) 25...
Bf8 (25... b5 $5 26. axb5 axb5 $11) 26. Nf2 Kg7 {[%cal Gf8e7,Ge7g5,Gg5d2]} 27.
h4 Nhf6 28. Qe2 (28. g5 $5 hxg5 29. hxg5 Ng4 30. Nxg4 Qxg4 31. b4 $14) 28...
Kh8 29. h5 gxh5 (29... g5 $6) 30. gxh5 {[%csl Yf5] Weiß hat gutes Spiel auf
den weißen Feldern, besonders f5, aber Schwarz kann sich verteidigen.} Ne7 31.
Qf3 Neg8 32. Bd2 (32. Nf5 Qf7 33. Ng3 Qd7) 32... Qg7 {[%cal Gg7g2]} 33. Kf1 (
33. b4 cxb4 34. Bxb4 Qg5 {[%csl Gg5]}) (33. a5 $5) 33... Qd7 34. Kg2 Qg7 35.
Kf1 Qd7 36. Ne2 b6 {Weiß hat etwas bessere Aussichten, aber nichts konkretes
in der Stellung. Schwarz verlor hier wegen Zeitüberschreitung!} (36... Qf7 37.
Ng3 Qd7) 1-0

[Event "Groningen"]
[Site "Groningen"]
[Date "1994.??.??"]
[Round "5"]
[White "Sokolov, Ivan"]
[Black "Miles, Anthony John"]
[Result "1-0"]
[WhiteElo "2625"]
[BlackElo "2600"]
[Annotator "Ribli,Z"]
[PlyCount "71"]
[EventDate "1994.12.??"]
[EventType "tourn"]
[EventRounds "11"]
[EventCountry "NED"]
[EventCategory "15"]
[SourceTitle "CBM 045"]
[Source "ChessBase"]
[SourceDate "1995.04.01"]
[SourceVersion "1"]
[SourceVersionDate "1995.04.01"]
[SourceQuality "1"]

1. d4 d6 2. Nf3 Bg4 3. c4 Bxf3 4. exf3 e6 5. Nc3 $5 (5. Qb3 Qc8 6. d5 e5 7. f4
Nd7 8. Be2 Ngf6 9. O-O Be7 10. Nc3 O-O 11. Be3 $14 {Gavrikov,V-Miles,A/Horgen/
1994/CBM43/}) 5... Nd7 (5... g6 6. d5 $5 exd5 7. Nxd5 Bg7 8. Qe2+ Kf8 9. g3 $14
{Smejkal,J-Miles,A/Ter Apel/1987/CBM02/}) 6. Bd3 g6 (6... Be7 7. O-O Ngf6 8. d5
e5 9. Re1 $14) 7. h4 Bg7 8. Be3 Ne7 (8... Nh6 9. g4 {/\ Qd2 +/=}) 9. h5 Nf5 (
9... O-O 10. Qd2 $14) 10. Bxf5 gxf5 (10... exf5 11. Qd2 $14) 11. g4 (11. Qd2
Qe7 12. O-O-O O-O-O 13. g4 fxg4 14. fxg4 h6 15. Kb1 $14) 11... fxg4 (11... Qe7
12. gxf5 exf5 13. Nd5 Qd8 14. Rg1 $36) 12. fxg4 Qe7 13. h6 Bf6 14. Qf3 O-O-O
15. Rh5 Rhg8 16. Ra5 $5 Kb8 (16... a6 $5) 17. Rb5 $1 b6 (17... Nb6 18. Ne4 $36)
18. a4 Bg5 19. Bxg5 Rxg5 20. a5 d5 (20... Rxb5 21. Nxb5 a6 22. axb6 $18) 21.
axb6 axb6 22. c5 Qf6 (22... Rdg8 23. Ne2 Rxg4 24. Qa3 $18) 23. Qxf6 Nxf6 24.
cxb6 cxb6 25. Rxb6+ Kc7 26. Rb5 Rd7 (26... Nxg4 27. Ra7+ Kc6 28. Rc5+ Kb6 29.
Rxf7 $16) 27. f3 Rg6 28. Kf2 Kd6 (28... Rxh6 $2 29. g5 Rh2+ 30. Kg3 $18) 29. b4
Ng8 30. Ra6+ Ke7 31. Na4 Rxh6 32. Nc5 Rc7 33. Rb8 Nf6 (33... Rg6 34. b5 $18)
34. g5 Nd7 35. Nxd7 Rh2+ 36. Kg3 {Ribli} 1-0

[Event "Ashkhabad-A"]
[Site "Ashkhabad"]
[Date "1996.??.??"]
[Round "13"]
[White "Irzhanov, Ruslan"]
[Black "Kakageldyev, Amanmurad"]
[Result "1-0"]
[WhiteElo "2500"]
[BlackElo "2475"]
[Annotator "Ribli,Z"]
[PlyCount "67"]
[EventDate "1996.??.??"]
[EventType "tourn"]
[EventRounds "13"]
[EventCountry "TKM"]
[EventCategory "9"]
[SourceTitle "CBM 053"]
[Source "ChessBase"]
[SourceDate "1996.08.01"]
[SourceVersion "1"]
[SourceVersionDate "1996.08.01"]
[SourceQuality "1"]

1. d4 {Baburin} g6 2. c4 Bg7 3. Nc3 d6 4. Nf3 Bg4 5. e3 c5 6. Qa4+ $5 (6. Be2
cxd4 7. exd4 Nh6 (7... Nc6 {siehe -> A35}) 8. d5 O-O 9. O-O Nd7 10. Bd2 $14 {
Marin,M-Jansa,V/Warszawa zt/1987/INF43,49/}) 6... Bd7 $146 (6... Kf8 7. Be2
cxd4 8. Nxd4 Bxe2 9. Ndxe2 Qd7 10. Qd1 Qg4 $6 (10... Qc6 $5) 11. Qd5 Nc6 12.
O-O Bxc3 13. Nxc3 Nf6 14. Qb5 $36 {Vasiljevic,D-Vujadinovic,G/JUG-chT Nis/1994/
}) 7. Qc2 Nc6 {Diese Idee gefällt mir nicht: Schwarz bringt erst seinen
Springer nach a5, aber dort wird er sehr ungünstig stehen. Später versucht er,
seinen Springer von dort aus in Sichherheit zu bringen.} (7... cxd4 $5 8. exd4
Bg4 {>< d4}) 8. d5 Na5 {Baburin: For Black this is just a bad version of the
Yugoslav variation of the King's Indian Defence. In that system the white
light squared bishop is located on g2 and thus Black has pressure on the
c4-pawn and it's easier for him to manage to play b7-b5.} 9. b3 $5 {Weiss
waehlt eine sichere Fortsetzung.} Nf6 10. Bb2 O-O 11. Be2 a6 12. O-O Rb8 (12...
Bf5 13. Bd3 Bxd3 14. Qxd3 {Im Zentrum hat der Anziehende Raumvorteil.}) 13. Nd2
b5 {Wir koennen die Stelllung mit der Variante E66 vergleichen. Nach meiner
Meinung: Der weisse Laeufer steht auf e2 guenstiger als g2, weil er den
wichtigen c4-Bauern deckt und das schwarze Gegenspiel am Damenfluegel nicht im
Sicht ist.} 14. e4 e6 15. Nd1 exd5 16. exd5 Re8 (16... Bf5 17. Bd3 (17. Qc1 {
/\ Ne3}) 17... Bxd3 18. Qxd3 Re8 19. Bc3 $14) 17. Bd3 Nh5 18. Bxg7 Nxg7 $6 {
Schwarz plant Nf5,Nd4, aber Weiss wird diese Idee verhindern und dann hat der
Springer auf g7 keine schoene Zukunft.} (18... Kxg7 $5 {/\ Nf4 und Qf6}) 19.
Ne3 bxc4 $6 {Dieser Abtausch ist fuer derartige Stellungen -siehe E66- typisch.
Der Nachziehende will die b-Linie fuer seinen b8-Turm oeffnen, aber bald wird
der Anziehende die b-Linie erobern.} (19... f5 $5) 20. bxc4 f5 21. Qc3 $1 {
Baburin: [#] The problem with the a5-knight here is not only that it's passive
(the c4-pawn is really overprotected!) and has nowhere to go, but also that it
needs protection itself, therefore tieing the black queen down. Jetzt merken
wir schon, daß der schwarze Springer auf a5 sehr unglücklich steht.} Nb7 (21...
f4 22. Nc2 {/\ Ne4} Bf5 23. Rab1 $14) 22. Rab1 $1 $14 {Weiss steht besser,
weil er die offene b-Linie beherrscht.} Qa5 23. Rfc1 $1 Rec8 (23... Qxa2 $4 24.
Ra1 $18) 24. Rb2 $1 {[#] Dieser Zug hat zwei Ziele: 1. Er deckt den d2
Springer und droht /\ Qf6. 2. Weiss will seine Tuerme auf der b-Linie
verdoppeln.} Qxc3 25. Rxc3 Nd8 26. Rcb3 $1 Rxb3 27. Rxb3 Ne8 28. Rb6 $1 Ra8 29.
f4 $1 {Baburin: White prepares a pawn storm on the king side, while Black
cannot employ his pieces usefully.} Kf8 $6 {Das falsche Feld!} (29... Kf7 $5
30. h3 h5 31. Nf3 $16) 30. h3 {Droht /\ g4} h5 31. g4 $1 {Der entscheindede
Durchbruch! Jetzt bricht die schwarze Stellung gleich wie ein Kartenhaus
zusammen.} hxg4 32. hxg4 fxg4 33. Bxg6 Ke7 34. Ne4 {Schwarz kann den d6-Bauern
nicht mehr halten, und der Gewinn ist nur noch eine Frage der Technik.} 1-0